000 01026cam a2200253 4500
001 ABS68403
008 041117n2004 000 0 eng u
035 _a(Sirsi) u128022
100 _aBen-Joseph, E.
245 _aLand use and design innovations in private communities
260 _c2004
490 _aLandlines
_v16(4) October 2004, 8-12(5)
520 _aExamines the rise and design of private residential communities in the United States, referred to as common interest communities or common interest developments, they are more commonly known as gated communities. Originally only used by the wealthy, they are now becoming used for suburban and urban residential developments. References.
590 _aABS
590 _aABS
650 _aGATED COMMUNITIES
650 _aCOMMON INTEREST DEVELOPMENTS
650 _aUNITED STATES
650 _aRESIDENTIAL DEVELOPMENT
650 _aURBAN DESIGN
650 _aLand use
_96251
690 _aBUILDING AND CONSTRUCTION-DESIGN AND STRUCTURES
942 _n0
999 _c118327
_d118327